000 01263nam0a22003251 4500
001 rc\3254966
005 20250609200236.0
021 _aRU
_b[72-28971]
035 _a(NLR Aleph) 007481132
090 _a7517690
_c7517690
100 _a20130115d1972 |||y0rusy50 ca
101 1 _arus
_cfre
102 _aRU
105 _aa z |||||
200 1 _aОсобенности процессов многократного рассеяния
_fПер. с фр. В.А. Голубевой
_gПод ред. А.Л. Онищика
210 _aМосква
_cМир
_d1972
215 _a164 с.
_cчерт.
_d20
225 1 _aБиблиотека сборника "Математика"
300 _aДоп. тит. л.: Singularités des processus de diffusion multiple. Par Frédéric Pham
513 0 _aSingularités des processus de diffusion multiple
606 _aЭлементарные частицы (физ.)
_xРассеяние многократное
_2psbo
606 _aМатрицы (мат.) рассеяния
_2psbo
700 1 _aФам
_bФ.
702 1 _aГолубева
_bВ.А.
_4730
702 1 _aОнищик
_bА.Л.
_4340
801 0 _aRU
_bNLR
_gpsbo
801 1 _aRU
_bELAR
_2rusmarc
852 _aNLR
_j72-3/4024
942 _cBOOK
980 _aNB